Fundamentals of power system economics / (Record no. 598020)
[ view plain ]
| 000 -LEADER | |
|---|---|
| fixed length control field | 00382nam a2200121Ia 4500 |
| 008 - FIXED-LENGTH DATA ELEMENTS--GENERAL INFORMATION | |
| fixed length control field | 230907s9999||||xx |||||||||||||| ||und|| |
| 082 ## - DEWEY DECIMAL CLASSIFICATION NUMBER | |
| Classification number | 333.7932,KIR |
| 100 ## - MAIN ENTRY--PERSONAL NAME | |
| Personal name | Kirschen, Daniel Sadi. |
| 9 (RLIN) | 95570 |
| 245 #0 - TITLE STATEMENT | |
| Title | Fundamentals of power system economics / |
| 260 ## - PUBLICATION, DISTRIBUTION, ETC. | |
| Place of publication, distribution, etc. | John Wiley & Sons, |
| Name of publisher, distributor, etc. | Chichester, West Sussex, England ; | Hoboken, NJ : |
| Date of publication, distribution, etc. | 2004 |
| 300 ## - PHYSICAL DESCRIPTION | |
| Extent | xii, 284 p. |
| 942 ## - ADDED ENTRY ELEMENTS (KOHA) | |
| Koha item type | Book |
| Withdrawn status | Lost status | Damaged status | Not for loan | Permanent Location | Current Location | Date acquired | Total Checkouts | Total Renewals | Full call number | Barcode | Checked out | Date last seen | Date last checked out | Price effective from | Koha item type |
|---|---|---|---|---|---|---|---|---|---|---|---|---|---|---|---|
| US-Pakistan Center for Advanced Studies in Energy (USPCAS-E) | Central Library (CL) | 06/12/2018 | 1 | 3 | 333.7932,KIR | CAS-E0002119 | 01/14/2024 | 09/18/2023 | 09/18/2023 | 09/12/2023 | Book |
